000 01160nam1a22002771i 4500
001 rc\2199341
005 20260407105211.0
035 _a(NLR Aleph) 006693819
090 _a5173232
_c5173232
100 _a20110829d1979 |||y0rusy50 ca
101 0 _arus
102 _aRU
105 _ay z |||||
200 1 _aМораль, общество, личность
_e[Сб. статей]
_fМГУ им. М.В. Ломоносова, Филос. фак.
_gПод ред. Б.О. Николаевичева [! Б.О. Николаичев]
210 _aМосква
_cИзд-во МГУ
_d1979
215 _d21
606 _aМораль
_2psbo
702 1 _aНиколаичев
_bБ.О.
_4340
712 0 2 _aМГУ им. М. В. Ломоносова
_bФилософский факультет
_3RU\NLR\AUTH\889936560
_9367925
801 0 _aRU
_bNLR
_gpsbo
801 1 _aRU
_bELAR
_2rusmarc
830 _aС вып. 2 (1980) хранится в журнальном фонде (шифр: П25/129). См. каталог периодических изданий
852 _aNLR
_j80-6/2106
899 _aRuMoRGB
_jБ 80-9/113
899 _aRuMoRGB
_jБ 80-9/115
942 _cBOOK